| 000 | 00933nam a2200277 i 4500 | ||
|---|---|---|---|
| 001 | 000042627 | ||
| 003 | DO-SdBNP | ||
| 005 | 20251119080713.0 | ||
| 007 | ta | ||
| 008 | 140203s2012 dr 000 p spa d | ||
| 020 | _a9789945404784 | ||
| 040 |
_aDO-SdBNP _bspa _cBNPHU _erda |
||
| 041 | _aspa | ||
| 082 | 4 |
_axxx _bxxx _222 |
|
| 100 | 1 |
_aMir, Pedro, _d1913-2000 _eautor _4aut. _97245 |
|
| 245 | 1 | 0 |
_aUn asombro de ríos verticales : _bpoesía reunida / _cPedro Mir ; compilación y edición, Pablo Reyes |
| 264 | 4 |
_aSanto Domingo : _bEdiciones Ferilibro, _c©2012. |
|
| 300 |
_a320 páginas ; _c23 cm. |
||
| 336 |
_atexto _btxt _2rdacontent |
||
| 337 |
_asin mediación _bn _2rdamedia |
||
| 338 |
_avolumen _bnc _2rdacarrier |
||
| 500 | _aIncluye datos biografícos del autor en la solapa de la cubierta | ||
| 590 | _aInventariado, 2024/BT | ||
| 700 | 1 |
_aReyes, Pablo, _ecompilador y editor _4comp. y ed. _937953 |
|
| 942 |
_2ddc _cLBS1 |
||
| 999 |
_c42116 _d42116 |
||